|
|
|
|
| LEADER |
01189nam a2200301 a 4500 |
| 001 |
28047 |
| 003 |
BD-DhAAL |
| 005 |
20140619115753.0 |
| 008 |
140619s1997 ncua b 001 0 eng |
| 010 |
|
|
|a 96049940
|
| 020 |
|
|
|a 0822319128 (cloth : alk. paper)
|
| 020 |
|
|
|a 0822319179 (paper : alk. paper)
|
| 040 |
|
|
|a DLC
|c DLC
|d DLC
|d BD-DhAAL
|
| 043 |
|
|
|a n-us---
|
| 050 |
0 |
0 |
|a E169.Z82
|b G756 1997
|
| 082 |
0 |
0 |
|a 306.4/84
|2 21
|
| 100 |
1 |
|
|a Grossberg, Lawrence.
|9 5100
|
| 245 |
1 |
0 |
|a Dancing in spite of myself :
|b essays on popular culture /
|c Lawrence Grossberg.
|
| 260 |
|
|
|a Durham, NC :
|b Duke University Press,
|c 1997.
|
| 300 |
|
|
|a xi, 304 p. :
|b ill. ;
|c 24 cm.
|
| 504 |
|
|
|a Includes bibliographical references (p. [293]-299) and index.
|
| 541 |
|
|
|e 28047
|
| 650 |
|
0 |
|a Popular culture
|z United States
|x History
|y 20th century.
|9 5101
|
| 650 |
|
0 |
|a Rock music
|z United States
|x History and criticism.
|9 5102
|
| 651 |
|
0 |
|a United States
|x Social life and customs.
|9 5103
|
| 942 |
|
|
|2 ddc
|c BK
|
| 999 |
|
|
|c 24623
|d 24623
|
| 952 |
|
|
|0 0
|1 0
|2 ddc
|4 0
|6 306_484000000000000_GRO
|7 0
|9 34665
|a BRACUL
|b BRACUL
|c GEN
|d 2014-06-19
|e Trim Education
|g 2575.00
|l 0
|o 306.484 GRO
|p 3010028047
|r 2014-06-19
|t 1
|w 2014-06-19
|y BK
|